[Event "USA-ch GpB"]
[Site "San Diego"]
[Date "2006.03.03"]
[Round "2"]
[White "Ivanov, Alexander"]
[Black "Zatonskih, Anna"]
[Result "1-0"]
[WhiteElo "2606"]
[BlackElo "2433"]
[Annotator "Finkel,A"]
[PlyCount "97"]
[EventDate "2006.03.02"]
[EventType "swiss"]
[EventRounds "9"]
[EventCountry "USA"]
[SourceTitle "CBM 112"]
[Source "ChessBase"]
[SourceDate "2006.06.07"]
[SourceVersion "1"]
[SourceVersionDate "2006.06.07"]
[SourceQuality "1"]

1. e4 e6 2. d4 d5 3. Nd2 dxe4 4. Nxe4 Nd7 5. Nf3 Ngf6 6. Nxf6+ Nxf6 7. c3 c5 8.
Ne5 a6 9. Be3 Qc7 10. Qa4+ Nd7 {The right way to treat this variation.} (10...
Bd7 $6) 11. O-O-O cxd4 12. Nxd7 Bxd7 13. Qxd4 e5 $5 {Basically Black has no
problems after 13...Bc6, but it looks like this natural move is also
sufficient for equality.} (13... Bc6 14. Bc4 Rd8 (14... Bxg2 15. Bf4 Qd8 16.
Qe5 Qc8 17. Bxe6 Qxe6 18. Rhe1 Qxe5 19. Rxe5+ Be7 20. Rde1 O-O {1/2-1/2
Ziatdinov,R-Zakharevich,I/Vladimir 2004 (20)}) 15. Qg4 h5 $1 16. Rxd8+ (16. Qg5
$5) 16... Qxd8 17. Qg3 Qd6 18. f4 (18. Bf4 $6 Qc5 19. Bb3 h4 {[%csl Rf2,Rg2]})
18... h4 19. Qg4 Be4 $1 $13 {[%cal Gd6c6] Anand,V-Bareev,E/Monte Carlo 2004}) (
13... Rd8 $6 14. Be2 Qa5 (14... Bc6) 15. Qa7 $1 Qxa2 $6 16. Bb5 $1 $36 {
Vorobiov,E-Zakharevich,I/St Petersburg 2002}) 14. Qb6 Qxb6 15. Bxb6 Rc8 {
It's necessary to trade the annoying bishop on b6.} (15... Bc6 $6 16. Bc4 f6 (
16... Bxg2 17. Rhe1 f6 18. f4 e4 19. Bd5 f5 20. Bxb7 Rb8 21. Bc6+ Kf7 22. Be3
$16) 17. f4 $14) 16. Bd3 Bc5 17. Bxc5 Rxc5 18. Be4 Rc7 {Black has to suffer
for a while, but White's advantage is insufficient for a win if Black defends
accurately.} (18... Bc6 $6 19. Bxc6+ bxc6 20. Rd3 $14 {[%csl Rc5]}) 19. Rd6 Kd8
$6 ({It was better to play} 19... Ke7 20. Rb6 Rb8 21. Re1 Kf8 22. Kc2 h6 23. b3
f6 24. c4 Bc6 $11 {with equality.}) 20. Bd5 f6 (20... Ke7 $6 21. Rb6 Bc8 (21...
Rb8 22. Re1 f6 23. f4 $16) 22. Re1 f6 23. f4 $16) 21. Rd1 Kc8 22. f3 Re8 (22...
Bc6 23. Be6+ Kb8 24. h4) 23. Be4 Be6 24. Kc2 h6 $2 {After this move Black is
doomed to passive defense with no chance to create counterplay.} 25. h4 $1 Kb8
26. g4 Ree7 27. h5 $16 Bd7 (27... Rcd7 $2 28. Rxe6 $18) 28. b3 Rf7 29. Bg6 Re7
30. a4 $5 Ka7 31. a5 Be8 32. Be4 Red7 (32... Rc5 33. R1d5 Rxd5 34. Rxd5 Kb8 35.
c4 Kc7 36. Kc3 $16) 33. c4 Rxd6 34. Rxd6 Bd7 35. Kc3 Kb8 36. b4 Kc8 37. Bf5 $1
$18 Bxf5 38. gxf5 Re7 39. Kd3 Kc7 40. Rd5 Re8 41. Ke4 Rb8 42. c5 Rg8 (42... Kc6
43. Rd6+ Kb5 44. Rb6+ Ka4 45. c6 $18) 43. Rd6 Ra8 44. Kd5 Re8 45. c6 bxc6+ 46.
Rxc6+ Kb7 47. Re6 Rd8+ 48. Rd6 Rb8 49. Rb6+ 1-0

[Event "Moscow Aeroflot op-A"]
[Site "Moscow"]
[Date "2006.02.13"]
[Round "6"]
[White "Bologan, Viktor"]
[Black "Al Modiahki, Mohamad"]
[Result "1-0"]
[WhiteElo "2661"]
[BlackElo "2579"]
[Annotator "Finkel,A"]
[PlyCount "57"]
[EventDate "2006.02.08"]
[EventType "swiss"]
[EventRounds "9"]
[EventCountry "RUS"]
[SourceTitle "CBM 112"]
[Source "ChessBase"]
[SourceDate "2006.06.07"]
[SourceVersion "1"]
[SourceVersionDate "2006.06.07"]
[SourceQuality "1"]

1. e4 e6 2. d4 d5 3. Nc3 dxe4 4. Nxe4 Nd7 5. Nf3 Ngf6 6. Nxf6+ Nxf6 7. c3 c5 8.
Be3 Qc7 9. Ne5 a6 10. Qa4+ Bd7 $6 {The latest games prove that this move is
too dangerous for Black.} (10... Nd7 $5 11. O-O-O cxd4 12. Nxd7 Bxd7 (12...
Qxd7 13. Qc2 Bc5 14. Bxd4 Bxd4 15. Rxd4 Qc6 16. f4 b5 17. Bd3 Bb7 18. Be4 Qc7
$11 {Dominguez,L-Dreev,A/Tripoli 2004}) 13. Qxd4 Bc6 14. Bc4 Rd8 15. Qg4 h5 16.
Rxd8+ Qxd8 17. Qg3 Qd6 18. f4 h4 19. Qg4 Be4 $132 {Anand,V-Bareev,E/Monaco 2004
}) 11. Nxd7 Nxd7 (11... Qxd7 12. Qxd7+ Nxd7 13. O-O-O cxd4 14. Bxd4 O-O-O 15.
f4 Nb8 16. Be2 Nc6 17. Bb6 Rxd1+ 18. Rxd1 $14 {Korneev,O-Slobodjan,R/Arco 2003}
) 12. g3 $1 (12. Be2 O-O-O 13. O-O Nb6 14. Qb3 c4 $2 (14... Nd5 15. Rad1 Nxe3
16. fxe3 Bd6 17. h3 Rhe8 $11) 15. Qc2 Bd6 16. Kh1 $1 h5 17. b3 $16 {Roiz,
M-Vaganian,R/Beer Sheva ISR 2005}) 12... O-O-O 13. Bg2 Nb6 14. Qb3 Kb8 {
This move is hardly an improvement comparing to Nogueiras' play.} (14... Nd5
15. Bg5 Rd7 16. O-O cxd4 17. cxd4 Kb8 18. Bd2 Be7 19. Rac1 Qd6 20. Rc4 $14 {
Grischuk,A-Nogueiras,J/Beersheba 2005}) 15. O-O Bd6 16. a4 {[%cal Ga4a5]} c4 $2
{Following Vaganian's footsteps. Allowing White to open up b-file leads to a
disaster as Black's counterplay on the kingside is too slow.} (16... h5 $142
17. a5 Nd5 18. dxc5 Bxc5 19. Bxc5 Qxc5 20. Ra4 Rd7 $14 21. c4 $140 $6 Ne7 22.
Rb4 Nc6 23. Bxc6 Qxc6 24. Rb6 Qc5 25. Rxa6 Rc8 $11) 17. Qc2 Nd5 18. Bd2 h5 19.
b3 {[%cal Ga4a5,Ga1a4,Gf1b1,Gc3c4] White doesn't have to do anything special
to break through. Once he manages to transfer c4 Black's story is pretty much
over.} Rd7 (19... h4 20. bxc4 Qxc4 21. a5 Rc8 22. Ra4 Qe2 23. Re1 $16) 20. bxc4
Qxc4 21. a5 Rc8 (21... h4 22. Ra4 Qe2 23. Re1 Qh5 24. c4 hxg3 25. hxg3 Nf6 26.
Qb3 $18) 22. Ra4 $18 Qe2 (22... Qb5 23. c4 Rdc7 24. Rc1 Qd7 25. Qb3 Nf6 26. Rb1
$18) 23. Re1 Rxc3 {A desperate attempt to complicate matters, which runs into
Bologan's cool response.} (23... Nxc3 24. Qxc3 $18) 24. Qa2 Qxe1+ (24... Qg4
25. Bxd5) 25. Bxe1 Rc1 26. Qd2 Rdc7 27. Bxd5 exd5 28. Kg2 f6 29. Qe3 1-0

[Event "YUG-ch 56th"]
[Site "Herceg Novi"]
[Date "2001.03.31"]
[Round "8"]
[White "Pavlovic, Milos"]
[Black "Antic, Dejan"]
[Result "1-0"]
[WhiteElo "2496"]
[BlackElo "2481"]
[Annotator "Finkel,A"]
[PlyCount "73"]
[EventDate "2001.03.23"]
[EventType "tourn"]
[EventRounds "15"]
[EventCountry "YUG"]
[EventCategory "10"]
[SourceTitle "CBM 083"]
[Source "ChessBase"]
[SourceDate "2001.07.05"]
[SourceVersion "1"]
[SourceVersionDate "2001.07.05"]
[SourceQuality "1"]

1. e4 e6 2. d4 d5 3. Nc3 Nf6 4. Bg5 dxe4 5. Nxe4 Nbd7 6. Nxf6+ Nxf6 7. Nf3 h6
8. Bh4 c5 9. Bb5+ Bd7 10. Bxd7+ Qxd7 11. Qe2 (11. Bxf6 gxf6 12. Qe2 cxd4 13.
O-O-O Bc5 $1 $13) 11... cxd4 (11... Be7 12. O-O-O (12. O-O cxd4 13. Rad1 O-O
14. Nxd4 Qa4 15. a3 Rfd8 16. c3 Rd5 17. c4 Rdd8 $11 {Lau,R-Vaganian,R/BL9394
1994}) 12... O-O 13. g4 (13. dxc5 Qa4 (13... Qc6 $1 $146 14. Kb1 (14. Ne5 Qxc5
$1 15. Bxf6 Bxf6 16. Nd7 Bxb2+ 17. Kxb2 Qb4+ 18. Kc1 Qa3+ 19. Kd2 Rfc8 $1 $44)
14... Rfd8 15. Rhe1 (15. Ne5 Qxc5 16. Bxf6 Bxf6 17. Nd7 Qe7 18. Qb5 a6 $10 19.
Qxb7 $140 Rdb8 $19) 15... Qxc5 16. Ne5 Rxd1+ $11 {Anand,V-Ivanchuk,V/Linares m
1992}) 14. Kb1 Rac8 15. Rd4 Qa5 16. Ne5 Qxc5 17. Rc4 Qb5 18. a4 $6 Qb6 $15 {
Mainka,R-Chiburdanidze,M/Lippstadt 1995}) 13... Nd5 14. Bxe7 Qxe7 15. Kb1 b5
16. dxc5 Qxc5 17. Ne5 Rad8 $11 {Chandler,M-Vaganian,R/BL9596 1996}) 12. O-O-O
Bc5 13. Nxd4 $5 {[%cal Gd1d7] Interesting possibility to fight for the
advantage- game goes straight to the endgame where invalid pawn structure of
black may become a decisive factor.} (13. Qe5 Be7 14. Nxd4 Qa4 15. Qb5+ Qxb5
16. Nxb5 O-O 17. Bg3 a6 18. Bd6 Bxd6 19. Nxd6 b5 {1/2-1/2 Ninov,N-Benkovic,P/
28th It 1999}) 13... Bxd4 (13... Nd5 $6 14. Nf3 $1 Rc8 (14... O-O 15. c4 $16 {
[%cal Gd1d7]}) 15. Kb1 Qc6 16. Ne5 Qa6 (16... Qb6 17. Rxd5 exd5 18. Ng6+ Kd7
19. Nxh8) 17. Qg4 $36) 14. Bxf6 $1 gxf6 15. c3 Rc8 (15... Qd5 16. Rxd4 Qxg2 (
16... Qxa2 17. Qb5+ Kf8 18. Qxb7 $16) 17. Rhd1 Rg8 18. Rd7 $44 {[%csl Re8]})
16. Kb1 Qc6 17. Rxd4 $14 Rd8 $6 (17... Qxg2) 18. Rxd8+ Kxd8 19. Qe3 {[%cal
Ge3h6,Ge3a7]} Ke7 20. Rd1 (20. f3 b6 21. Rd1 Rg8 22. Rd2 Qc4 $14) 20... Rd8 $2
{This move leaves black with no chanses of survival.} (20... b6 $5) 21. Rxd8
Kxd8 22. Qxh6 Qe4+ (22... Qxg2 23. Qxf6+ (23. Qf8+ Kd7 24. Qxf7+ Kd6 25. Qxf6
Qe4+ 26. Kc1 Qe1+ 27. Kc2 Qe2+ $11) 23... Ke8 24. Qf4 Qf1+ 25. Kc2 Qe2+ 26. Qd2
Qe4+ 27. Qd3 $16) 23. Kc1 Qe1+ 24. Kc2 Qe4+ (24... Qxf2+ 25. Qd2+ Qxd2+ 26.
Kxd2 $18 {[%cal Gh2h7,Gc3c7]}) 25. Kd2 Qd5+ (25... Qxg2 26. Qf8+ Kd7 27. Qxf7+
Kd6 28. Qxf6 $18) 26. Kc1 Ke7 27. Qe3 b6 (27... Qxa2 $6 28. Qc5+ Kd7 29. Qd4+
$1 Ke7 30. Qb4+ Ke8 31. Qxb7 $18) (27... Qxg2 28. Qxa7 e5 $16) 28. Qf4 $1 Qxg2
$6 29. Qc7+ Kf8 30. Qb8+ $1 $18 Ke7 (30... Kg7 31. Qg3+ Qxg3 32. fxg3 $18) 31.
Qxa7+ Kf8 32. Qb8+ Ke7 33. Qc7+ Ke8 34. Qxb6 f5 35. a4 e5 36. a5 e4 37. a6 1-0

[Event "RUS-Cup Final"]
[Site "Sochi"]
[Date "1997.09.24"]
[Round "7"]
[White "Fedorov, Alexei"]
[Black "Yandemirov, Valeri"]
[Result "1-0"]
[WhiteElo "2600"]
[BlackElo "2500"]
[Annotator "Finkel,A"]
[PlyCount "37"]
[EventDate "1997.09.17"]
[EventType "tourn"]
[EventRounds "11"]
[EventCountry "RUS"]
[EventCategory "13"]
[SourceTitle "CBM 062"]
[Source "ChessBase"]
[SourceDate "1998.01.31"]
[SourceVersion "1"]
[SourceVersionDate "1998.01.31"]
[SourceQuality "1"]

1. e4 e6 2. d4 d5 3. Nc3 dxe4 4. Nxe4 Nd7 5. Nf3 Ngf6 6. Nxf6+ Nxf6 7. Bd3 c5
8. dxc5 Bxc5 9. Qe2 (9. O-O O-O 10. Qe2 h6 $5 11. a3 $5 b6 12. b4 Be7 13. Bb2
Bb7 14. c4 a5 $5 15. Bc3 axb4 16. axb4 Rxa1 17. Rxa1 Qc7 $10) 9... Qc7 (9... h6
10. Bd2 O-O 11. O-O-O Qb6 12. g4 $1 Nxg4 13. Rhg1 f5 14. h3 $40 {Ulibin-Orlov,
Minsk 1990}) (9... O-O 10. Bg5 Qa5+ 11. c3 Be7 12. Ne5 h6 13. Bh4 Rd8 14. O-O
Qc7 15. Rad1 $14 {Karpov-Speelman, Reykjavik WCUP 1991}) (9... a6 10. Bg5 Qa5+
11. c3 Qc7 12. O-O b6 $13 {Jansa-Fries Nielsen, Rimavska Sobota 1991}) 10. Bg5
(10. O-O O-O (10... Bd7 $6 11. Ne5 O-O 12. Bg5 $1 $36 Be7 $2 13. Bxf6 Bxf6 14.
Bxh7+ $1 Kxh7 15. Qd3+ Kg8 16. Nxd7 $18 {Kindermann Stefan-Neyer R/It (open),
Bern (Switzerland) 1995 (40)}) 11. Bg5 (11. Ne5 $5 b6 12. Bf4 Bb7 13. Rad1 Rfd8
14. Bg3 Bd6 15. c4 g6 16. Rfe1 {1/2-1/2 Zapata,A-Nogueiras,J/32nd Chess
Olympiad, Yerevan 1996}) (11. a3 b6 12. b4 Bd6 13. Bb2 Bb7 14. h3 a5 15. Rad1
Rfd8 16. b5 Qe7 {1/2-1/2 Smirin-Ehlvest/32nd Chess Olympiad, Yerevan 1996})
11... b6 12. Ne5 (12. Rad1 Bb7 13. Bxf6 $5 gxf6 14. Be4 Rfd8 15. Bxb7 Qxb7 16.
a3 $14 {Spraggett,K-Nogueiras,J/Canadian Open, Winnipeg CAN 1997 (41)}) 12...
Bb7 13. Bxf6 gxf6 14. Bxh7+ Kxh7 15. Qh5+ $11) (10. Bd2 Bd7 11. O-O (11. O-O-O
$5 O-O-O 12. Ne5 Ba4 $5 13. Bc4 Nd5 14. Bb3 Bxb3 15. axb3 Kb8 16. Kb1 $14 {
Borge,N-Sloth,J/5th Nordic GP, Torshavn FAI 1997 (42)}) 11... Bd6 12. Rfe1
O-O-O $6 (12... Bc6 13. Ne5 Bxe5 14. Qxe5 Qxe5 15. Rxe5 $14) 13. Rad1 Bc6 14.
h3 h6 15. b4 Ba4 16. Rb1 Kb8 17. c4 Qd7 18. Ne5 $14 {Nunn,J-Korchnoi,V/
Amsterdam OHRA 1990 (62)}) 10... Bb4+ 11. Nd2 Nd5 $6 {Starting to carry out a
plan,which somehow reminds suicide!Black's position is already worse,but
natural} (11... h6 12. Bh4 Qf4 13. Bg3 Qxd2+ 14. Qxd2 Bxd2+ 15. Kxd2 Bd7 16.
Rad1 O-O-O 17. Kc1 $14 {leaves black good chances for successful defense;
Nijboer,F-Cifuentes Parada,R/NLD-ch 1997 (62)}) 12. O-O-O h6 $6 {Another step
in the wrong direction.Better was} (12... Bd7 13. Qe4 Bc6 14. Qh4 h6 $14 {
with complicated position.}) 13. Bh4 Nf4 $2 {The "point" of black's play!} 14.
Bb5+ Bd7 15. Bxd7+ Qxd7 16. Qe5 $1 $16 {[%cal Ge5f4,Ge5g7] Nice refutation:it
seems that this move promises nothing special to white,but 19th move of white
makes things perfectly clear!} Ng6 17. Qxg7 Bf8 18. Qc3 Rc8 19. Ne4 $1 {
[%csl Rf6][%cal Gd1d7]} 1-0

[Event "Skolernes Skakklub"]
[Site "Aarhus"]
[Date "1997.06.28"]
[Round "9"]
[White "Hansen, Curt"]
[Black "Rozentalis, Eduardas"]
[Result "1/2-1/2"]
[WhiteElo "2605"]
[BlackElo "2650"]
[Annotator "Finkel,A"]
[PlyCount "46"]
[EventDate "1997.06.20"]
[EventType "tourn"]
[EventRounds "9"]
[EventCountry "DEN"]
[EventCategory "14"]
[SourceTitle "CBM 060"]
[Source "ChessBase"]
[SourceDate "1997.09.29"]
[SourceVersion "1"]
[SourceVersionDate "1997.09.29"]
[SourceQuality "1"]

1. e4 e6 2. d4 d5 3. Nc3 dxe4 4. Nxe4 Bd7 5. Nf3 Bc6 6. Bd3 Nd7 7. O-O Bxe4 8.
Bxe4 c6 9. c3 (9. c4 $5 Ngf6 10. Bc2 Bd6 11. Qe2 Qc7 12. Bg5 h6 13. Bh4 O-O-O
$6 (13... O-O) 14. c5 Be7 15. Bg3 Qa5 16. b4 $1 Qxb4 17. Rfb1 $36 {Van der
Sterren,P-Segal,A/Thessaloniki olm 1984 (31)}) (9. Bf4 Ngf6 10. Bd3 Be7 11. c3
$14 O-O 12. Qb3 Qb6 13. Nd2 c5 $5 14. Qxb6 Nxb6 15. dxc5 Bxc5 16. Ne4 Nbd7 (
16... Nxe4 17. Bxe4 Nd5 $5 $14) 17. Nxf6+ Nxf6 18. Rad1 $14 {Brunner,L-Campora,
D/Biel 1995/1/2-1/2 (60) ^^}) 9... Bd6 (9... Ngf6 10. Bc2) 10. Bc2 Ngf6 11. Qe2
(11. Bg5 Qc7 12. Re1 h6 13. Bh4 g5 $5 14. Bg3 Bxg3 15. hxg3 O-O-O $13 {
Brustkern,J-Schuessler,R/Wiesbaden op 1988 (29)}) (11. Re1 Qc7 12. c4 O-O 13.
Bg5 Rad8 14. Qd3 Rfe8 15. Re2 Bf4 $1 $13 {Eismont,O-Petek,M/Balatonbereny op
1993/0-1 (64)}) 11... Qc7 12. Re1 O-O (12... Bf4 $5 13. Bxf4 $5 (13. Ne5 Bxc1
14. Raxc1 (14. Nxf7 $2 O-O $1 $17) 14... O-O 15. Nxd7 Nxd7 16. Qf3 $14) 13...
Qxf4 14. Ne5 Nxe5 15. dxe5 Nd5 16. a4 O-O-O 17. g3 Qg5 18. Rad1 $14 {Xie
Jun-Ivkov,B/Vienna Walzer 1993 (37)}) (12... O-O-O $6 13. Ne5 $1 Rdf8 14. b4
Nd5 15. Bd2 Bxe5 $2 16. dxe5 c5 17. Bb3 $16 {Bastian,H-Stelting,T/BL 1987 (30)}
) 13. Ne5 c5 (13... Rfe8 14. Bg5 h6 (14... Bf8 15. Rad1 g6 16. Rd3 Nxe5 17.
dxe5 Nd5 18. h4 $36 {Palkovi,J-Herndl,H/Werfen op 1989 (32)}) (14... c5 $6 15.
Ba4 (15. Rad1 $5 cxd4 16. cxd4 Bb4 17. Rf1 Qa5 18. Bb3 h6 19. Bh4 $14 {
Chandler,M-Malich,B/BL 1992 (27)}) 15... Rf8 16. Rad1 cxd4 17. cxd4 Bb4 18. Rf1
Nxe5 $6 19. dxe5 Nd5 20. Qe4 $1 $36 {Vogelmann,P-Kurr,G/NRW-II 1993 (34)}) 15.
Bh4 Nd5 16. Rad1 f5 $5 17. c4 $5 (17. Bg3 $6 f4 18. Bh4 (18. Nxd7 Qxd7 19. Bh4
g5) 18... Bxe5 19. dxe5 g5 20. Qh5 N7b6 21. Bxg5 hxg5 22. Qxg5+ Qg7 23. Qh5 Rf8
$15) 17... Nf4 $5 18. Qe3 Nxe5 19. dxe5 Bb4 $1 20. Qxf4 Bxe1 21. Rxe1 g5 22.
Bxg5 hxg5 23. Qxg5+ Qg7 24. Qf4 $14 {Kalegin,E-Voloshin,L/Ufa 1993/0-1 (80)})
14. Nxd7 (14. Bf4 $5 cxd4 15. cxd4 Rfe8 16. Rac1 Qb8 17. Nxd7 Nxd7 18. Qd3 $2 (
18. Bxd6 Qxd6 19. Qe4 Nf8 20. Qxb7 Qxd4 21. Red1 $14) 18... Bxf4 19. Qxh7+ Kf8
$19 {Parker G-Deketelaere F/It (open), Hastings (England) 1995 (66)}) 14...
Nxd7 15. dxc5 Bxh2+ (15... Nxc5 16. g3 $5 (16. Qh5 g6 17. Qh6 Be5 18. Be3 Rfd8
19. Rad1 $11) 16... Rfd8 17. Be3 Rac8 18. Rad1 $14) 16. Kh1 Be5 17. Be3 (17. b4
Rfd8 $1 (17... b6 $6 18. Bb2 Rad8 (18... bxc5 $6 19. Rad1 $1 {[%csl Re5]} Bf4
20. Rxd7 Qxd7 21. Qe4 Rfd8 22. Qxf4 $16) 19. Rad1 Bf6 20. Qe4 g6 21. c6 Ne5 22.
b5 $14) 18. Bb2 Bf6 19. Rad1 Rac8 20. Be4 $11) 17... g6 $1 {Threatening to
move the bishop and the pawn on c5 will become a target for black pieces.} 18.
Ba4 $8 Bg7 19. Bxd7 Qxd7 20. Qc4 Rfd8 21. Rad1 $5 Qc6 {Safe continuation,
showing pieceful intentions.Serious attention deserved} (21... Qxd1 $5 22. Rxd1
Rxd1+ 23. Kh2 Rad8 24. c6 bxc6 25. Bxa7 R8d2 26. b4 Rd3 {with very complicated
position.}) 22. Kg1 Rac8 23. b4 a6 1/2-1/2

[Event "EU-ch 2nd"]
[Site "Ohrid"]
[Date "2001.06.06"]
[Round "6"]
[White "Ponomariov, Ruslan"]
[Black "Psakhis, Lev"]
[Result "1-0"]
[WhiteElo "2673"]
[BlackElo "2575"]
[Annotator "Finkel,A"]
[PlyCount "99"]
[EventDate "2001.06.01"]
[EventType "swiss"]
[EventRounds "13"]
[EventCountry "YUG"]
[SourceTitle "CBM 084"]
[Source "ChessBase"]
[SourceDate "2001.09.13"]
[SourceVersion "1"]
[SourceVersionDate "2001.09.13"]
[SourceQuality "1"]

1. e4 e6 2. d4 d5 3. Nc3 Nf6 4. Bg5 dxe4 5. Nxe4 Nbd7 6. Nf3 h6 7. Nxf6+ Nxf6
8. Bh4 c5 9. Bd3 (9. Bxf6 gxf6 10. Be2 cxd4 11. Nxd4 Bc5 12. Nb3 Qxd1+ 13. Rxd1
Bb6 14. Bf3 Rb8 15. O-O Bd7 $11 {Huebner,R-Rivas Pastor,M/Manila 1992/TD}) (9.
c3 cxd4 10. Nxd4 Be7 (10... a6 11. Be2 Be7 12. O-O O-O 13. Re1 Qb6 14. Qb3 Qxb3
15. Nxb3 Bd7 $11 {Mackic,Z-Kalevic,S/Nis 1993/EXT 97}) 11. Bb5+ Bd7 12. Qb3
Bxb5 13. Qxb5+ Qd7 14. Qxd7+ Nxd7 15. Bxe7 Kxe7 16. O-O-O Rhc8 17. Rhe1 {
1/2-1/2 Sax,G-Psakhis,L/Manila 1992/TD (17)}) 9... cxd4 10. Nxd4 Be7 (10... Bc5
11. Nf3 O-O 12. O-O b6 13. Qe2 Bb7 14. Rad1 Qc7 15. Ne5 Rfd8 16. Kh1 Rd4 17. f4
$36 {Fedorchuk,S-Mirzoev,A/Calicut 1998/CBM 67}) 11. O-O O-O 12. Bg3 {It's
very hard for white to get an opening advantage in this variation of French
defense, so in the following game Ponomariov tries to keep the pressure and to
wait for his opponent to make a mistake.} (12. c3 Nd5 13. Bg3 Bd6 14. Qe2 a6
15. Rad1 Qc7 16. Bb1 (16. Bxd6 Qxd6 17. Bb1 Qc7 18. Nf3 Nf6 19. Rd4 b6 20. Ne5
$14 {Skripchenko Lautier,A-Lomineishvili,M/Kishinev 1995/EXT 97}) 16... Bxg3
17. hxg3 Nf6 18. Nf3 b5 19. Rd4 Bb7 20. Rfd1 $14 {Wegener,D-Plesec,D/Budapest
1993/EXT 97}) 12... Bd7 13. c3 Qb6 14. Qe2 Bd6 (14... Bc5 $6 15. Be5 Rfd8 16.
Qf3 $1 $36) 15. f4 $5 {The only way to fight for the advantage is to keep the
darksquared bishops on the board} Qc5 (15... Bc5 $5 16. Bf2 Nd5 17. Qd2 Qc7
$132) 16. Rae1 Rae8 17. Kh1 b6 (17... Nh5 $5 18. Qe4 Nf6 19. Qf3 (19. Qxb7 $6
Rb8 20. Qf3 Rxb2 $15 {[%csl Ra2,Rc3]}) 19... Qd5 $11) 18. h3 $1 Nh5 {Black is
running out of useful moves so he decides to wait and to do nothing, because
it's not so easy for white to develop the initiative.} 19. Bh2 Nf6 20. a3 Qc7
21. Qf3 Qc5 22. Bc2 Rc8 23. Bg1 {[%cal Gd4e6]} Qc7 24. Bd3 {'Threatening' to
play Nb5} Qb8 {Defending against this threat!} 25. Ba6 Rcd8 26. Bb5 (26. Nc6 $2
Bxc6 27. Qxc6 Bxf4 $15) 26... Bxb5 27. Nxb5 Bc5 (27... Be7 28. Nd4 Qc7 29. f5
$1 e5 30. Nb5 Qb8 31. Bh2 Nd7 32. Nd4 $1 $16 {[%cal Gd4c6]}) 28. Nd4 Qa8 29.
Qxa8 Rxa8 30. f5 $14 {The ending turns out to be extremly unpleasent for black
and despite of seeming simplicity black's defensive task is far from being
easy.} exf5 31. Nxf5 Bxg1 32. Kxg1 Rfe8 33. Rxe8+ Nxe8 (33... Rxe8 34. Nxh6+
$16 {[%csl Rf6]}) 34. Rd1 Nf6 35. Rd6 Kf8 36. Rc6 (36. Nxh6 $2 Ne8 $19 {
[%cal Ge8d6,Gg7h6]}) 36... Ne8 (36... Nd5 37. c4 Ne7 38. Nxe7 Kxe7 39. Rc7+ Ke6
40. b4 $16) 37. Kf2 Rd8 38. Ke3 h5 39. c4 g6 40. Nd4 Ke7 41. b4 Kd7 42. c5 Nc7
$2 (42... bxc5 $8 43. Rxc5 (43. bxc5 Rc8 44. Rxc8 Kxc8 45. Ke4 Kc7 $14) 43...
Rc8 44. Ra5 Rc7 45. Nb5 Nd6 $1 46. Nxc7 Nc4+ 47. Kd4 Nxa5 $14) 43. Rd6+ Kc8 44.
Rxd8+ Kxd8 45. Nc6+ Kd7 46. Nxa7 bxc5 47. bxc5 Ne6 48. c6+ Kc7 49. Nb5+ $1 Kb6
50. c7 1-0

[Event "Moscow Aeroflot op-A"]
[Site "Moscow"]
[Date "2005.02.17"]
[Round "3"]
[White "Ponomariov, Ruslan"]
[Black "Anastasian, Ashot"]
[Result "1/2-1/2"]
[WhiteElo "2700"]
[BlackElo "2568"]
[Annotator "Finkel,A"]
[PlyCount "55"]
[EventDate "2005.02.15"]
[EventType "swiss"]
[EventRounds "9"]
[EventCountry "RUS"]
[SourceTitle "CBM 106"]
[Source "ChessBase"]
[SourceDate "2005.06.06"]
[SourceVersion "1"]
[SourceVersionDate "2005.06.06"]
[SourceQuality "1"]

1. e4 e6 2. d4 d5 3. Nc3 dxe4 4. Nxe4 Nd7 5. Nf3 Ngf6 6. Bd3 (6. Nxf6+ Nxf6 7.
Bd3 c5 8. Be3 cxd4 (8... Qc7 9. Qe2 Bd6 10. O-O-O O-O 11. Kb1 b5 12. dxc5 Bxc5
13. Bc1 Bb7 $13 {Losev,D-Shestoperov,A/Voronezh 1999}) 9. Bxd4 Be7 10. Qe2 O-O
11. O-O-O Qa5 12. Kb1 b6 13. Bc3 $14 {Small,V-Cornford,L/New Zeeland 1985})
6... Nxe4 7. Bxe4 Nf6 8. Bd3 {Quite unpretentious move, which was extremly
rarely tried at the top level.} (8. Bg5) 8... c5 9. Be3 cxd4 10. Bxd4 (10. Nxd4
Nd5 11. Bd2 Qb6 12. Nb3 Bd6 13. O-O O-O $11) 10... Qa5+ (10... Be7 11. Qe2 Qa5+
12. c3 Bd7 13. O-O Qh5 14. Rae1 Bc6 15. Ne5 Qxe2 16. Rxe2 O-O 17. Nxc6 bxc6 18.
Rd1 $14 {Sambuco Salomone,L-Mendez,P/Vicente Lopez 2004}) 11. c3 (11. Qd2 Qxd2+
12. Nxd2 Be7 13. O-O-O Bd7 14. Nc4 $14) 11... Be7 12. Qc2 Bd7 ({It's too early
for} 12... Qh5 $6 {since white can switch to the queenside castle.} 13. O-O-O {
[%csl Rh5]}) 13. O-O Ba4 14. b3 {[%csl Rc3] May be a bit more accurate was} (
14. Qe2 $5 {since an endgame arsing after} Qh5 {is preferable for white.} (
14... Bc6 15. Ne5 O-O 16. Nxc6 bxc6 17. b4 Qc7 $14) (14... O-O 15. Ne5 (15.
Bxf6 $6 Bxf6 16. Qe4 g6 17. Qxb7 $2 Rab8 $17 {[%csl Rb2]}) 15... Rfe8 16. Rfe1
Bf8 17. b3 $16) 15. Ne5 Qxe2 16. Bxe2 O-O 17. Bf3 Rfb8 18. Rfe1 Bd6 19. b3 $14)
14... Bc6 15. Ne5 Qd5 16. Nxc6 Qxc6 17. a4 O-O 18. a5 ({White could've taken
on h7 right away, but it doesn't seem to make a difference comparing to the
game:} 18. Bxf6 Bxf6 19. Bxh7+ Kh8 20. Be4 Qxc3 21. Qxc3 Bxc3 22. Rac1 Be5 23.
Rc5 f6 24. Bxb7 Rab8 25. Rb5 Rfd8 $14 {[%cal Gd8d2,Ge5d4] and black is pretty
safe despite of being a pawn down.}) 18... Rfd8 19. Rac1 {[%csl Gc3]} ({
An attempt to take an advantage of opening up a diagonal a8-h1 would also lead
to equality} 19. a6 b6 20. Bxf6 Bxf6 21. Bxh7+ Kf8 22. Be4 Qxc3 $11) 19... Qc7
{Black insists on sacrificing a pawn!} (19... h6) 20. Bxf6 $6 {Ponomariov
finaly breaks down and accepts the sacrifice, heading straight for a draw!} (
20. b4 h6 21. Qe2 $14) 20... Bxf6 21. Bxh7+ Kf8 22. Be4 Rac8 $1 23. c4 Qxa5 24.
Bxb7 Rc7 25. Bf3 Rd2 $44 26. Qh7 Qc5 27. Rc2 Rcd7 {[%csl Rf2][%cal Gf8e7]} 28.
Rxd2 1/2-1/2